Fare Well by Hozier - Lyric Quiz - Statistics

General Stats
  • This quiz has been taken 6 times
  • The average score is 158 of 177
Answer Stats
Answer % Correct
a
100%
A
100%
above
100%
again
100%
all
100%
alright
100%
And
100%
any
100%
Any
100%
be
100%
chocolate
100%
couldn't
100%
deep
100%
dog
100%
engine
100%
fare
100%
feel
100%
good
100%
here
100%
I,
100%
I
100%
I'll
100%
in
100%
into
100%
Joy
100%
kind
100%
kitten
100%
of
100%
Out
100%
take
100%
the
100%
things
100%
to
100%
tryin'
100%
well
100%
With
100%
wouldn't
100%
allowed
75%
come
75%
cosy
75%
deny
75%
disaster
75%
disguise
75%
eyes
75%
fallin'
75%
Gawa
75%
glazin'
75%
Hedgehog
75%
high
75%
I'm
75%
Let
75%
me
75%
on
75%
only
75%
pleasure
75%
remembered
75%
sky
75%
solitary
75%
sorrow
75%
sun
75%
swimmin'
75%
through
75%
unbound
75%
under
75%
up
75%
van
75%
whale
75%
wheel
75%
while
75%
critic
50%
ground
50%
hopin'
50%
none
50%
shine
50%
Sumida
50%
type
50%
that
25%
was
25%
No matching quizzes found
Score Distribution
Percent of People with Each Score
Percentile by Number Answered
Your Score History
You have not taken this quiz